The cold war as history
Uloženo v:
| Hlavní autor: | |
|---|---|
| Médium: | Kniha |
| Jazyk: | angličtina |
| Vydáno: |
Nueva York
Harper and Row
1971
|
| Edice: | Harper Colophon
|
| Témata: | |
| Tagy: |
Přidat tag
Žádné tagy, Buďte první, kdo vytvoří štítek k tomuto záznamu!
|
MARC
| LEADER | 00000nam a2200000 a 4500 | ||
|---|---|---|---|
| 001 | UCO8246 | ||
| 003 | CL-VaPUC | ||
| 008 | 001201e19710000US |||||||||||||||||eng|d | ||
| 082 | 0 | 4 | |a 909.825 |b HAL |2 21 |
| 100 | |a Halle, Louis J |e author |9 453118 | ||
| 245 | 1 | 4 | |a The cold war as history |
| 300 | |a 434 p | ||
| 942 | |c BK | ||
| 945 | |d 20001201 00:00:00 |a crobeson | ||
| 260 | |a Nueva York |b Harper and Row |c 1971 | ||
| 500 | |a Donación del profesor Manfred Wilhelmy von Wolff | ||
| 600 | 0 | 7 | |a OTAN |2 CL-VaPUC |9 255771 |
| 650 | 0 | |a Guerra Fría |9 319648 | |
| 650 | 0 | |a Posguerra |9 372262 | |
| 650 | 7 | |a GUERRA DE COREA |2 CL-VaPUC |9 436294 | |
| 650 | 0 | |a Armamentismo |9 257034 | |
| 650 | 7 | |a STALINISMO |2 CL-VaPUC |9 444056 | |
| 650 | 7 | |a PLAN MARSHALL |2 CL-VaPUC |9 437180 | |
| 583 | |a last modification |c 20001201 00:00:00 |k Rodrigo Vera | ||
| 490 | 0 | |a Harper Colophon | |
| 999 | |c 292972 |d 292970 | ||
| 952 | |0 0 |1 0 |4 0 |6 909_825000000000000_HAL_1971 |7 0 |8 A |9 344059 |a BIBHIS |b BIBHIS |d 2019-11-20 |i 1231200 |o 909.825 HAL 1971 |p 1231200 |r 2025-01-20 |w 2019-11-20 |y BK |k HIS | ||